Il était une fois les découvreurs - Série d'animation - Statistiques

Statistiques générales
  • Ce quiz a été pris 25 fois
  • Le résultat moyen est 17 sur 25
Statistiques - réponses
Hint Réponse % Correct
Albert Einstein
94%
Marie Curie
89%
Léonard de Vinci
89%
Darwin et l'évolution
89%
Ford et l'aventure automobile
83%
Les mesures du temps
83%
Galileo Galilée
83%
Gutenberg et l'écriture
83%
Armstrong, la lune et l'espace
83%
Isaac Newton
83%
L' aviation
78%
Lavoisier et la chimie
72%
Buffon et la découverte du passé
72%
Henri le Navigateur et la cartographie
67%
Pasteur et les micro-organismes
67%
Marconi et les ondes
67%
Thomas Edison et la science appliquée
67%
Faraday et l'électricité
61%
Nos ancêtres les Chinois
61%
Archimède et les Grecs
61%
Héron d'Alexandrie
56%
Mendel et les petits pois
50%
Stephenson à toute vapeur
44%
Les médecins
39%
Lorenz, le père l'oie
17%
Aucun quiz correspondant
Distribution des résultats
% des personnes avec chaque résultat
Percentile par nombre de réponses
Votre historique - résultats
Vous n’avez pas pris ce quiz